Devine l'atome selon le symbole (#4) - Statistiques

Statistiques générales
  • Ce quiz a été pris 49 fois
  • Le résultat moyen est 6 sur 10
Statistiques - réponses
Symbole Atome % Correct
Fe Fer
100%
Li Lithium
95%
Pb Plomb
86%
Au Or
84%
F Fluor
75%
I Iode
75%
Ge Germanium
57%
Am Américium
36%
Pr Praséodyme
20%
Sg Seaborgium
14%
Aucun quiz correspondant
Distribution des résultats
% des personnes avec chaque résultat
Percentile par nombre de réponses
Votre historique - résultats
Vous n’avez pas pris ce quiz